000 00471nam a2200229Ia 4500
003 IT-RoPAU
008 120407s9999 xx 000 0 und d
040 _aIT-RoPAU
040 _cIT-RoPAU
041 _aita
100 _aSantos Beguitistain
245 _aRinnovamento pastorale
250 _aRoma
260 _aMame
260 _c1958
300 _a101 p.
300 _c21 cm
490 _aStudi pastorali,1
490 _v1
942 _cBK
999 _c24032
_d24032